[Event "Evpatoria tt U20"]
[Site "Evpatoria"]
[Date "2006.05.06"]
[Round "3"]
[White "Kudin, Valery"]
[Black "Nyzhnyk, Illya"]
[Result "1/2-1/2"]
[WhiteElo "2281"]
[BlackElo "2140"]
[PlyCount "247"]
[EventDate "2006.05.05"]
[EventType "team"]
[EventRounds "7"]
[EventCountry "UKR"]
[SourceTitle "CBM 112 Extra"]
[Source "ChessBase"]
[SourceDate "2006.07.14"]
[SourceVersion "1"]
[SourceVersionDate "2006.07.14"]
[SourceQuality "1"]

1. e4 c5 2. Nc3 e6 3. Bc4 a6 4. a3 Nc6 5. d3 Nf6 6. Ba2 d5 7. exd5 Nxd5 8. Nxd5 exd5 9. Ne2 Be6 10. Nf4 Qd7 11. 0-0 0-0-0 12. c3 Bd6 13. b4 Bxf4 14. Bxf4 c4 15. a4 b5 16. Bb1 Kb7 17. Qf3 Bg4 18. Qe3 d4 19. cxd4 Qxd4 20. axb5 axb5 21. dxc4 Rhe8 22. Qxd4 Nxd4 23. Be3 Be2 24. Re1 Bxc4 25. h4 h6 26. Ba2 Nc2 27. Bxc4 bxc4 28. Kf1 Nxa1 29. Rxa1 Ra8 30. Rc1 Re4 31. b5 Rxh4 32. Ke2 Ra2+ 33. Kf3 Rh5 34. b6 Rf5+ 35. Kg3 Ra4 36. Rd1 Kc8 37. Rb1 c3 38. Rb3 Kb7 39. Rxc3 Ra8 40. Rc7+ Ka6 41. Rd7 Rb8 42. Ra7+ Kb5 43. Ra2 Rb7 44. Rc2 Ka6 45. Ra2+ Ra5 46. Rb2 Ra4 47. Kf3 f5 48. g3 g5 49. Rb1 Rf7 50. Rh1 Ra3 51. Kg2 f4 52. gxf4 gxf4 53. Bd4 Ra4 54. Bc5 Rc4 55. Ra1+ Kb5 56. Rb1+ Kc6 57. Bd6 f3+ 58. Kg3 h5 59. Bc7 h4+ 60. Kh3 Kb7 61. Rb2 Rc1 62. Ra2 Rh1+ 63. Kg4 Rg1+ 64. Kh3 Rfg7 65. Ra7+ Kc6 66. Bh2 Kxb6 67. Ra3 R1g4 68. Rxf3 Rc4 69. Rf4 Rc3+ 70. f3 Rc2 71. Rxh4 Rf2 72. Bg3 Rxf3 73. Rg4 Rff7 74. Rxg7 Rxg7 75. Kg2 Kc5 76. Kf3 Kd5 77. Bf4 Ra7 78. Bb8 Ra3+ 79. Kf2 Ke4 80. Bc7 Ra7 81. Bd6 Rf7+ 82. Kg2 Rg7+ 83. Kf2 Rg6 84. Bc7 Rc6 85. Bb8 Rc2+ 86. Kg1 Kf3 87. Ba7 Rg2+ 88. Kh1 Rb2 89. Bc5 Rb5 90. Ba7 Kg3 91. Bd4 Rb1+ 92. Bg1 Rb2 93. Ba7 Rb5 94. Bd4 Rd5 95. Ba7 Rh5+ 96. Kg1 Ra5 97. Bb8+ Kf3 98. Bc7 Rg5+ 99. Kh1 Kf2 100. Bb6+ Kf3 101. Bc7 Rh5+ 102. Kg1 Rc5 103. Bb8 Rb5 104. Bd6 Rb6 105. Bc7 Rc6 106. Bb8 Rg6+ 107. Kh1 Rg7 108. Bd6 Rh7+ 109. Kg1 Rh5 110. Bc7 Rg5+ 111. Kh1 Rb5 112. Kg1 Rb1+ 113. Kh2 Rb7 114. Bd6 Rh7+ 115. Kg1 Ke2 116. Be5 Rh5 117. Bc7 Rg5+ 118. Kh1 Rg7 119. Bd6 Rg6 120. Bb8 Kf3 121. Kh2 Rb6 122. Bc7 Rb2+ 123. Kh1 Kf2 124. Bd6 1/2-1/2

[Event "UKR-chT 13th"]
[Site "Alushta"]
[Date "2006.04.19"]
[Round "5.3"]
[White "Grekh, Andrey"]
[Black "Kudin, Valery"]
[Result "1-0"]
[WhiteElo "2390"]
[BlackElo "2281"]
[PlyCount "53"]
[EventDate "2006.04.15"]
[EventType "team-tourn"]
[EventRounds "9"]
[EventCountry "UKR"]
[SourceTitle "EXT 2019"]
[Source "ChessBase"]
[SourceDate "2018.10.10"]
[SourceVersion "1"]
[SourceVersionDate "2018.10.10"]
[SourceQuality "1"]
[WhiteTeam "Lwiw University-Debut"]
[BlackTeam "Illichivsk Chess Academy"]
[WhiteTeamCountry "UKR"]
[BlackTeamCountry "UKR"]

1. e4 e6 2. d4 d5 3. Nd2 Be7 4. Bd3 Nf6 5. e5 Nfd7 6. Ne2 c5 7. c3 Nc6 8. 0-0 cxd4 9. cxd4 a5 10. Nf3 a4 11. a3 Nb6 12. Nf4 h5 13. Be3 Nc4 14. Bxc4 dxc4 15. Nd2 Nxd4 16. Nxc4 Nb3 17. Qxd8+ Bxd8 18. Nd6+ Ke7 19. Rad1 b6 20. Bd2 Ba6 21. Bb4 Nc5 22. Rfe1 Ra7 23. Ne4 Rc7 24. Rd6 Nxe4 25. Rxb6+ Kd7 26. Rxa6 Be7 27. Rd1+ 1-0

[Event "UKR-chT 13th"]
[Site "Alushta"]
[Date "2006.04.18"]
[Round "4.2"]
[White "Kudin, Valery"]
[Black "Kovchan, Alexander"]
[Result "1/2-1/2"]
[WhiteElo "2281"]
[BlackElo "2499"]
[PlyCount "108"]
[EventDate "2006.04.15"]
[EventType "team-tourn"]
[EventRounds "9"]
[EventCountry "UKR"]
[SourceTitle "EXT 2019"]
[Source "ChessBase"]
[SourceDate "2018.10.10"]
[SourceVersion "1"]
[SourceVersionDate "2018.10.10"]
[SourceQuality "1"]
[WhiteTeam "Illichivsk Chess Academy"]
[BlackTeam "Kharkov Law Academy"]
[WhiteTeamCountry "UKR"]
[BlackTeamCountry "UKR"]

1. e4 c5 2. Nc3 Nc6 3. Bc4 e6 4. d3 Nf6 5. f4 d5 6. Bb5 Qb6 7. Qe2 d4 8. Bxc6+ Qxc6 9. Nd1 b6 10. Nf3 Bb7 11. 0-0 Nd7 12. Ne5 Qc7 13. Nxd7 Qxd7 14. f5 0-0-0 15. Qg4 Re8 16. b3 g6 17. f6 e5 18. Qf3 Re6 19. a4 h6 20. h4 h5 21. Nf2 Bd6 22. Nh3 Bc7 23. Ng5 Rc6 24. Qh3 Qxh3 25. Nxh3 Kd7 26. Ng5 Ke8 27. Bd2 Bd8 28. Rf3 Rxf6 29. Rxf6 Bxf6 30. Rf1 Ke7 31. Nxf7 Rf8 32. Ng5 Bg7 33. Rxf8 Bxf8 34. Nf3 Kd6 35. Kf2 Bc8 36. Bg5 Bg7 37. Ke1 Be6 38. Kd2 Kd7 39. Kc1 a6 40. Kb2 b5 41. axb5 axb5 42. c4 dxc3+ 43. Kxc3 Kd6 44. Bd8 Bg4 45. Ng5 Kd7 46. Bb6 Kc6 47. Bd8 Kd6 48. Kd2 Bc8 49. Nh7 Be6 50. Kc3 Bf7 51. Bf6 Bh6 52. Bg5 Bg7 53. Bf6 Bh6 54. Bg5 Bg7 1/2-1/2

[Event "UKR-ch sf"]
[Site "Alushta"]
[Date "2005.05.24"]
[Round "9"]
[White "Solomaha, Andrey"]
[Black "Kudin, Valery"]
[Result "1/2-1/2"]
[WhiteElo "2384"]
[BlackElo "2287"]
[PlyCount "76"]
[EventDate "2005.05.16"]
[EventType "swiss"]
[EventRounds "9"]
[EventCountry "UKR"]
[SourceTitle "CBM 106 Extra"]
[Source "ChessBase"]
[SourceDate "2005.07.01"]
[SourceVersion "1"]
[SourceVersionDate "2005.07.01"]
[SourceQuality "1"]

1. e4 e6 2. d3 d5 3. Nd2 Nf6 4. g3 Be7 5. Ngf3 0-0 6. Bg2 c5 7. 0-0 Nc6 8. Re1 Re8 9. e5 Nd7 10. Nf1 f6 11. exf6 Nxf6 12. c3 Bd6 13. d4 cxd4 14. cxd4 Qc7 15. b3 Rf8 16. Bb2 Ne4 17. N1d2 Bb4 18. Re3 Nxd2 19. Nxd2 Bd7 20. Nf3 Rae8 21. Ne5 Nxe5 22. Rxe5 Bd6 23. Re3 Re7 24. f4 Rc8 25. Qf3 Qc2 26. Re2 Qf5 27. a4 Rc6 28. Rf1 Rf7 29. h4 b5 30. Kh2 bxa4 31. bxa4 Rc4 32. Bh3 Qf6 33. Rfe1 Re7 34. Bxe6+ Bxe6 35. Rxe6 Rc2+ 36. R1e2 Rxe2+ 37. Rxe2 Rxe2+ 38. Qxe2 Qf5 1/2-1/2

[Event "UKR-chT 12th"]
[Site "Alushta"]
[Date "2005.04.14"]
[Round "9.4"]
[White "Zinchenko, Yaroslav"]
[Black "Kudin, Valery"]
[Result "1-0"]
[WhiteElo "2460"]
[BlackElo "2287"]
[PlyCount "177"]
[EventDate "2005.04.07"]
[EventType "team-tourn"]
[EventRounds "9"]
[EventCountry "UKR"]
[SourceTitle "EXT 2019"]
[Source "ChessBase"]
[SourceDate "2018.10.10"]
[SourceVersion "1"]
[SourceVersionDate "2018.10.10"]
[SourceQuality "1"]
[WhiteTeam "Simferopol Crimean Engin and Pedagog"]
[BlackTeam "Illichivsk Chess Academy"]
[WhiteTeamCountry "UKR"]
[BlackTeamCountry "UKR"]

1. e4 e6 2. d4 d5 3. Nd2 Be7 4. Bd3 c5 5. dxc5 Nf6 6. Qe2 Nc6 7. Ngf3 0-0 8. 0-0 Bxc5 9. a3 a5 10. e5 Nd7 11. c4 a4 12. b4 axb3 13. Nxb3 Be7 14. Rd1 Re8 15. Bb2 Nf8 16. Qc2 Na5 17. cxd5 Nxb3 18. Qxb3 exd5 19. Bb5 Bd7 20. Rxd5 Qb6 21. Nd4 Red8 22. Rd1 Bg4 23. Rd3 Bc5 24. Bc4 Rxd5 25. Bxd5 Qxb3 26. Bxb3 Rd8 27. Bc4 Ne6 28. Nb3 Rxd3 29. Bxd3 Bb6 30. Nd2 Kf8 31. Nc4 Bc5 32. Na5 b6 33. Nb3 Bd1 34. Nxc5 Nxc5 35. Bb1 g6 36. Kf1 Ke7 37. Ke1 Bb3 38. Kd2 Bd5 39. f3 Ke6 40. Ke3 Nd7 41. Kf4 h6 42. h4 Bc4 43. Bd4 b5 44. Be4 Bf1 45. g4 Bc4 46. Bc2 Kd5 47. Bb2 Kc6 48. Ba1 Kd5 49. Be4+ Ke6 50. Bd4 Bf1 51. Bb7 Bc4 52. Bc8 Bd5 53. Bc5 Bc6 54. Bf8 g5+ 55. hxg5 hxg5+ 56. Kxg5 Bxf3 57. Kf4 Bc6 58. Bd6 Bd5 59. Ke3 Bc6 60. Kd4 Bf3 61. g5 Bc6 62. Bb4 Kf5 63. Be7 Ke6 64. Bf6 Bf3 65. Kc3 Bc6 66. Kb4 Kd5 67. Ba6 Nxe5 68. Bxb5 Bb7 69. a4 Kd6 70. Ka5 Bd5 71. Ka6 Nd7 72. Bd8 Bc6 73. Ka5 Bd5 74. Kb4 Bc6 75. a5 Ne5 76. a6 Kd7 77. Bf6 Bxb5 78. Kxb5 Nc6 79. Kb6 Kd6 80. a7 Nxa7 81. Kxa7 Kc7 82. Ka6 Kc6 83. Ka5 Kc5 84. Ka4 Kd5 85. Kb4 Ke4 86. Kc5 Kf5 87. Kd6 Kg6 88. Ke7 Kh7 89. Kf8 1-0

[Event "UKR-chT 12th"]
[Site "Alushta"]
[Date "2005.04.13"]
[Round "8.4"]
[White "Firman, Nazar"]
[Black "Kudin, Valery"]
[Result "1-0"]
[WhiteElo "2471"]
[BlackElo "2287"]
[PlyCount "125"]
[EventDate "2005.04.07"]
[EventType "team-tourn"]
[EventRounds "9"]
[EventCountry "UKR"]
[SourceTitle "EXT 2019"]
[Source "ChessBase"]
[SourceDate "2018.10.10"]
[SourceVersion "1"]
[SourceVersionDate "2018.10.10"]
[SourceQuality "1"]
[WhiteTeam "Lwiw Ivan Franko University"]
[BlackTeam "Illichivsk Chess Academy"]
[WhiteTeamCountry "UKR"]
[BlackTeamCountry "UKR"]

1. e4 e5 2. Nf3 Nc6 3. Bb5 a6 4. Bxc6 dxc6 5. 0-0 f6 6. d4 Bg4 7. c3 Qd7 8. Be3 Bd6 9. Nbd2 Ne7 10. dxe5 fxe5 11. c4 c5 12. b4 Nc6 13. bxc5 Be7 14. Rb1 Rb8 15. Rb3 Qe6 16. Qb1 Na5 17. Ra3 Nxc4 18. Nxc4 Bxf3 19. Nxe5 Bxg2 20. Kxg2 Qxe5 21. Rxa6 0-0 22. Qb3+ Kh8 23. Re6 Qh5 24. Qd1 Qh4 25. f4 Ra8 26. Qe2 Ra3 27. f5 Rfa8 28. Rf2 R8a6 29. Rxa6 Qxe4+ 30. Qf3 Qxf3+ 31. Kxf3 bxa6 32. Rb2 h5 33. Ke4 Bf6 34. Rb8+ Kh7 35. Rc8 Rxa2 36. Rxc7 Rxh2 37. Rb7 Rc2 38. Rb3 Be7 39. Kd5 a5 40. c6 a4 41. Rb7 Bf6 42. c7 a3 43. Bc5 a2 44. Ra7 a1Q 45. Rxa1 Bxa1 46. c8Q Bf6 47. Qe8 h4 48. Be7 Rd2+ 49. Kc4 Bxe7 50. Qxe7 h3 51. Qh4+ Kg8 52. Qxh3 Rd6 53. Kc5 Rh6 54. Qb3+ Kh7 55. Kd5 Rf6 56. Ke5 Rh6 57. Qe6 Rh2 58. Kd6 Rb2 59. Qe3 Rh2 60. Ke7 Rh5 61. Qe6 Rg5 62. Kf8 Rg3 63. Qg8+ 1-0

[Event "UKR-chT 12th"]
[Site "Alushta"]
[Date "2005.04.10"]
[Round "4.1"]
[White "Pavlov, Maxim"]
[Black "Kudin, Valery"]
[Result "1-0"]
[WhiteElo "2319"]
[BlackElo "2287"]
[PlyCount "49"]
[EventDate "2005.04.07"]
[EventType "team-tourn"]
[EventRounds "9"]
[EventCountry "UKR"]
[SourceTitle "EXT 2019"]
[Source "ChessBase"]
[SourceDate "2018.10.10"]
[SourceVersion "1"]
[SourceVersionDate "2018.10.10"]
[SourceQuality "1"]
[WhiteTeam "Krim Rodovid"]
[BlackTeam "Illichivsk Chess Academy"]
[WhiteTeamCountry "UKR"]
[BlackTeamCountry "UKR"]

1. e4 e6 2. d4 d5 3. Nd2 Be7 4. c3 dxe4 5. Nxe4 Nf6 6. Bd3 Nbd7 7. Nf3 0-0 8. Qe2 b6 9. Nxf6+ Nxf6 10. Bf4 Bb7 11. 0-0-0 Qd5 12. Kb1 Qa5 13. Ne5 b5 14. Bg5 Bd5 15. a3 Rfd8 16. Ng4 b4 17. Nxf6+ Bxf6 18. Bxf6 bxc3 19. Bxd8 Rb8 20. Bxc7 Qxc7 21. Rc1 Qa5 22. Ka1 Rxb2 23. Rxc3 Ra2+ 24. Qxa2 Qxc3+ 25. Qb2 1-0

[Event "UKR-chT 12th"]
[Site "Alushta"]
[Date "2005.04.08"]
[Round "2.2"]
[White "Hrabinska, Myroslava"]
[Black "Kudin, Valery"]
[Result "1/2-1/2"]
[WhiteElo "2310"]
[BlackElo "2287"]
[PlyCount "89"]
[EventDate "2005.04.07"]
[EventType "team-tourn"]
[EventRounds "9"]
[EventCountry "UKR"]
[SourceTitle "EXT 2019"]
[Source "ChessBase"]
[SourceDate "2018.10.10"]
[SourceVersion "1"]
[SourceVersionDate "2018.10.10"]
[SourceQuality "1"]
[WhiteTeam "Lwiw University-Debut"]
[BlackTeam "Illichivsk Chess Academy"]
[WhiteTeamCountry "UKR"]
[BlackTeamCountry "UKR"]

1. e4 e6 2. Nf3 d5 3. e5 Bd7 4. d4 c5 5. c3 Nc6 6. Be2 f6 7. exf6 Nxf6 8. 0-0 cxd4 9. cxd4 Bd6 10. Nc3 0-0 11. Bg5 Qe8 12. Bh4 Nh5 13. Bg3 Nf4 14. Re1 Qf7 15. Bb5 Qf6 16. a3 Be8 17. Bxc6 bxc6 18. Ne5 c5 19. Qd2 cxd4 20. Qxd4 Rc8 21. Rad1 Bb8 22. Re3 g5 23. Rde1 a5 24. Nf3 Qxd4 25. Nxd4 Bf7 26. h4 e5 27. Rxe5 Bxe5 28. Rxe5 Ng6 29. Rxg5 Rc4 30. Nf5 d4 31. Ne4 Be6 32. Ne7+ Kf7 33. Nxg6 Rc1+ 34. Kh2 hxg6 35. Rxa5 Rd8 36. Ng5+ Ke7 37. Bf4 Rc6 38. Nf3 Ke8 39. Ne5 Rc2 40. Ra7 d3 41. Bg5 d2 42. Re7+ Kf8 43. Rxe6 d1Q 44. Rf6+ Ke8 45. Re6+ 1/2-1/2

[Event "UKR-ch U20 sf"]
[Site "Kharkov"]
[Date "2004.12.11"]
[Round "1"]
[White "Kudin, Valery"]
[Black "Kuznetsov, Vladimir1111"]
[Result "1-0"]
[WhiteElo "2276"]
[BlackElo "2206"]
[PlyCount "101"]
[EventDate "2004.12.11"]
[EventType "swiss"]
[EventRounds "9"]
[EventCountry "UKR"]
[SourceTitle "EXT 2006"]
[Source "ChessBase"]
[SourceDate "2005.11.24"]
[SourceVersion "1"]
[SourceVersionDate "2005.11.24"]
[SourceQuality "1"]

1. d4 f5 2. Nc3 Nf6 3. Bg5 g6 4. Bxf6 exf6 5. h4 h5 6. e4 fxe4 7. Nxe4 d5 8. Nc3 Bh6 9. Bd3 Kf7 10. Qf3 c6 11. Qg3 Rg8 12. Nge2 Nd7 13. Nf4 f5 14. Nh3 Nf6 15. Ng5+ Bxg5 16. Qxg5 Re8+ 17. Ne2 Ne4 18. Qxd8 Rxd8 19. f3 Nf6 20. Kf2 b6 21. Rhe1 c5 22. c3 Rb8 23. Rad1 c4 24. Bc2 b5 25. b4 cxb3 26. Bxb3 a5 27. Nf4 a4 28. Bc2 Rd6 29. Nd3 Nd7 30. Re3 Nb6 31. Rde1 Rb7 32. Nc5 Rc7 33. Bd3 Nc4 34. Bxc4 bxc4 35. Rb1 Bd7 36. a3 Be8 37. Kg3 Re7 38. Rxe7+ Kxe7 39. Kf4 Kf6 40. Rb8 Bf7 41. Nxa4 Ra6 42. Rb6+ Rxb6 43. Nxb6 Ke6 44. Na4 Kd6 45. Nc5 Kc6 46. Ke5 Kb5 47. f4 Ka5 48. Kf6 Be8 49. g3 Kb5 50. Ke7 Bc6 51. Kf7 1-0

[Event "UKR-ch"]
[Site "Simferopol"]
[Date "2003.11.12"]
[Round "9"]
[White "Averjanov, Alexey"]
[Black "Kudin, Valery"]
[Result "1-0"]
[WhiteElo "2398"]
[BlackElo "2221"]
[PlyCount "105"]
[EventDate "2003.11.04"]
[EventType "swiss"]
[EventRounds "9"]
[EventCountry "UKR"]
[SourceTitle "CBM 097 Extra"]
[Source "ChessBase"]
[SourceDate "2004.01.13"]
[SourceVersion "1"]
[SourceVersionDate "2004.01.13"]
[SourceQuality "1"]

1. e4 e5 2. Nf3 Nc6 3. d4 exd4 4. Nxd4 Nf6 5. Nxc6 bxc6 6. e5 Qe7 7. Qe2 Nd5 8. c4 Nb6 9. Nc3 d6 10. exd6 Qxe2+ 11. Bxe2 cxd6 12. Bf4 Be6 13. 0-0-0 Nxc4 14. Bxc4 Bxc4 15. Bxd6 0-0-0 16. Bxf8 Rhxf8 17. Rxd8+ Rxd8 18. Re1 Be6 19. Re4 Kc7 20. b4 Rd3 21. Kc2 Rd8 22. Re5 Rd4 23. a3 Rh4 24. h3 Rf4 25. f3 Rf5 26. Rxf5 Bxf5+ 27. Kd2 g5 28. Ke3 Kd7 29. Kd4 Ke6 30. a4 h5 31. Ne4 f6 32. Kc5 Bxe4 33. fxe4 Kd7 34. b5 cxb5 35. Kxb5 Kc7 36. Kc5 h4 37. Kd5 Kd7 38. e5 Ke7 39. a5 Kf7 40. exf6 Kxf6 41. Kc6 Kf5 42. Kb7 Kf4 43. Kxa7 Kg3 44. Kb6 Kxg2 45. a6 Kxh3 46. a7 g4 47. a8Q Kh2 48. Qa2+ Kg3 49. Qb3+ Kh2 50. Qc2+ Kh3 51. Qd1 g3 52. Qh1+ Kg4 53. Kc5 1-0

[Event "UKR-ch"]
[Site "Simferopol"]
[Date "2003.11.11"]
[Round "8"]
[White "Kudin, Valery"]
[Black "Dovzik, Juri"]
[Result "0-1"]
[WhiteElo "2221"]
[BlackElo "2394"]
[PlyCount "99"]
[EventDate "2003.11.04"]
[EventType "swiss"]
[EventRounds "9"]
[EventCountry "UKR"]
[SourceTitle "CBM 097 Extra"]
[Source "ChessBase"]
[SourceDate "2004.01.13"]
[SourceVersion "1"]
[SourceVersionDate "2004.01.13"]
[SourceQuality "1"]

1. Nf3 d5 2. b3 c5 3. Bb2 Nc6 4. e3 a6 5. d4 cxd4 6. exd4 Nf6 7. Be2 Bf5 8. 0-0 e6 9. a3 Be7 10. Nbd2 h6 11. c4 0-0 12. Ne5 Nxe5 13. dxe5 Ne4 14. Nxe4 Bxe4 15. Qd4 Qc7 16. b4 Rfd8 17. Rac1 Qd7 18. Rfd1 Qa4 19. Re1 Qe8 20. Rc3 a5 21. c5 axb4 22. axb4 Ra2 23. Ra3 Rxa3 24. Bxa3 Qa4 25. Bb2 Qc2 26. Bd1 Qb1 27. Bc3 Qa2 28. Bh5 Qa6 29. Ra1 Qc6 30. Be2 f6 31. f4 fxe5 32. fxe5 Qe8 33. Qf2 Qg6 34. Bd4 Bh4 35. g3 Rf8 36. Qe3 Bg5 37. Qa3 h5 38. Rf1 Rxf1+ 39. Bxf1 h4 40. b5 Qh5 41. c6 bxc6 42. bxc6 hxg3 43. Qxg3 Qd1 44. Qc3 Bd8 45. Bf2 Bc7 46. h3 Qh5 47. Bg3 d4 48. Qxd4 Qf3 49. Be1 Bxc6 50. Bd2 0-1

[Event "UKR-ch"]
[Site "Simferopol"]
[Date "2003.11.08"]
[Round "5"]
[White "Ljahovetsky, Igor"]
[Black "Kudin, Valery"]
[Result "0-1"]
[WhiteElo "2098"]
[BlackElo "2221"]
[PlyCount "112"]
[EventDate "2003.11.04"]
[EventType "swiss"]
[EventRounds "9"]
[EventCountry "UKR"]
[SourceTitle "CBM 097 Extra"]
[Source "ChessBase"]
[SourceDate "2004.01.13"]
[SourceVersion "1"]
[SourceVersionDate "2004.01.13"]
[SourceQuality "1"]

1. e4 e6 2. d4 d5 3. Nd2 dxe4 4. Nxe4 Nd7 5. Be3 Ngf6 6. Ng3 Be7 7. Bd3 c5 8. c3 cxd4 9. Bxd4 b6 10. Nf3 Bb7 11. 0-0 Qc7 12. Re1 0-0 13. b4 Rfe8 14. Rc1 Rad8 15. a3 Bd6 16. Bxf6 Nxf6 17. Qe2 Nd5 18. Be4 Nf4 19. Qc2 Bxe4 20. Qxe4 f5 21. Qc2 Be7 22. Red1 b5 23. Ne2 Bf6 24. Rxd8 Rxd8 25. Nfd4 Bxd4 26. Nxd4 Qc4 27. g3 Nd3 28. Ne2 Nxc1 29. Nxc1 Qd5 30. Ne2 Qd1+ 31. Qxd1 Rxd1+ 32. Kg2 Kf7 33. Nd4 a6 34. Nb3 Rd3 35. Nc5 Rxc3 36. Nxa6 Rxa3 37. Nc7 Ra4 38. Nxb5 Rxb4 39. Nc3 Rb3 40. Nd1 e5 41. Ne3 Ke6 42. Nc2 g5 43. h3 f4 44. gxf4 gxf4 45. Ne1 e4 46. Nc2 Ke5 47. Ne1 Rb2 48. h4 h5 49. Kh3 Kf5 50. Kg2 Kg4 51. Kg1 Rb1 52. Kf1 f3 53. Kg1 Rxe1+ 54. Kh2 e3 55. fxe3 Re2+ 56. Kg1 Kg3 0-1

[Event "UKR-ch"]
[Site "Simferopol"]
[Date "2003.11.05"]
[Round "2"]
[White "Kudin, Valery"]
[Black "Sergeev, Vladimir"]
[Result "0-1"]
[WhiteElo "2221"]
[BlackElo "2447"]
[PlyCount "82"]
[EventDate "2003.11.04"]
[EventType "swiss"]
[EventRounds "9"]
[EventCountry "UKR"]
[SourceTitle "CBM 097 Extra"]
[Source "ChessBase"]
[SourceDate "2004.01.13"]
[SourceVersion "1"]
[SourceVersionDate "2004.01.13"]
[SourceQuality "1"]

1. d4 d6 2. c4 e5 3. dxe5 dxe5 4. Qxd8+ Kxd8 5. Nc3 Be6 6. e4 Nd7 7. Be3 c6 8. 0-0-0 Kc7 9. f3 f6 10. Kc2 Ne7 11. b3 Nc8 12. Nge2 Ncb6 13. Nc1 Bc5 14. Bd2 Be7 15. Nd3 g6 16. g3 Nc5 17. h4 Nxd3 18. Bxd3 h5 19. f4 Nd7 20. Be3 exf4 21. gxf4 Bg4 22. Be2 f5 23. Rd2 Rh7 24. Bd3 Re8 25. exf5 gxf5 26. Bf2 Bd6 27. Ne2 Nc5 28. Bxc5 Bxc5 29. Ng3 Rf8 30. Rf1 Re7 31. Be2 Bb4 32. Bxg4 Bxd2 33. Bxh5 Be1 34. Ne2 Bxh4 35. Rh1 Bf2 36. Rh2 Be3 37. Bg6 Rd7 38. Rh7 Rxh7 39. Bxh7 Rd8 40. Kc3 Rd2 41. Ng3 Bxf4 0-1

[Event "Ilichevsk"]
[Site "Ilichevsk"]
[Date "2003.04.24"]
[Round "1.4"]
[White "Kudin, Valery"]
[Black "Tishin, Dmitry"]
[Result "1/2-1/2"]
[WhiteElo "2138"]
[BlackElo "2297"]
[PlyCount "38"]
[EventDate "2003.04.18"]
[EventType "tourn"]
[EventRounds "10"]
[EventCountry "UKR"]
[EventCategory "2"]
[SourceTitle "EXT 2004"]
[Source "ChessBase"]
[SourceDate "2003.11.25"]
[SourceVersion "1"]
[SourceVersionDate "2003.11.25"]
[SourceQuality "1"]

1. d4 Nf6 2. g3 d5 3. Nf3 c6 4. Bg2 Bg4 5. Ne5 Bf5 6. 0-0 Nbd7 7. c4 e6 8. Nc3 Bd6 9. Bf4 Qb8 10. e4 dxe4 11. Nxd7 Nxd7 12. Bxd6 Qxd6 13. Bxe4 Bh3 14. Re1 Nf6 15. d5 0-0 16. dxe6 Qc5 17. e7 Rfe8 18. Qe2 Be6 19. Bd3 Qxe7 1/2-1/2

[Event "Ilichevsk"]
[Site "Ilichevsk"]
[Date "2003.04.23"]
[Round "1.3"]
[White "Kilimnik, Evgeny"]
[Black "Kudin, Valery"]
[Result "1/2-1/2"]
[WhiteElo "2105"]
[BlackElo "2138"]
[PlyCount "38"]
[EventDate "2003.04.18"]
[EventType "tourn"]
[EventRounds "10"]
[EventCountry "UKR"]
[EventCategory "2"]
[SourceTitle "EXT 2004"]
[Source "ChessBase"]
[SourceDate "2003.11.25"]
[SourceVersion "1"]
[SourceVersionDate "2003.11.25"]
[SourceQuality "1"]

1. c4 e6 2. d4 d5 3. Nf3 Nf6 4. Nc3 c6 5. Bf4 dxc4 6. a4 Bb4 7. Bxb8 Rxb8 8. e3 Qa5 9. Rc1 b5 10. Ne5 Bb7 11. Be2 a6 12. Bf3 Qb6 13. 0-0 c5 14. dxc5 Bxc5 15. axb5 axb5 16. Bxb7 Rxb7 17. Qf3 Bd6 18. Nc6 0-0 19. Nd4 b4 1/2-1/2